000 00230nam a22000857a 4500
999 _c11093
_d11093
008 180825b ||||| |||| 00| 0 eng d
100 _aDumas Alexandre
_96777
245 _aThe Count of Monte Cristo
260 _aNew Delhi
_bCampfire
_c2016